Представление документа в формате RUSMARC

ПолеНазваниеЗначение
  Тип записи a
  Библиографический уровень m
001 Контрольный номер RU/IS/BASE/303409311
005 Дата корректировки 20201206204647.3
010 Индекс ISBN __
a ISBN 978-5-222-14322-3 (в пер.)
d Цена 193-24
100 Данные общей обработки __
a Данные общей обработки 19090216d2008 |||y0rusy0189 ca
101 Язык документа 0_
a Язык текста rus
c Язык оригинала rus
102 Страна публикации __
a Страна публикации RU
105 Кодированные данные (монография) __
a Кодированные данные (монография) a j 000zy
200 Заглавие и сведения об ответственности 1_
a Заглавие Основы детской неврологии
e Сведения, относящиеся к заглавию учеб. пособие : [для студентов, обучающихся по специальности 060103 (040200) - Педиатрия]
f Первые сведения об ответственности В. Б. Ласков
b Общее обозначение материала Текст
210 Выходные данные __
a Место издания Ростов н/Д
c Издательство Феникс
d Дата издания 2008
215 Физическое описание __
a Объем 285, [1] с.
c Иллюстрации/тип воспроизводства ил.
225 Серия __
a Серия Медицина
320 Библиография __
a Библиография Библиогр. в конце кн. (13 назв.)
330 Аннотация __
a Аннотация Изложены современные представления по основным аспектам детской неврологии. Приведены основные сведения по анатомии и физиологии нервной системы, клиническим и дополнительным методам исследования, современные данные о клинических проявлениях заболеваний и синдромов, встречающихся в детском возрасте, методах их диагностики, путях коррекции и профилактики.
606 Тематические рубрики __
a Основная рубрика Здравоохранение. Медицинские науки
606 Тематические рубрики __
a Основная рубрика Педиатрия
610 Ключевые слова __
a Ключевые слова детская неврология; нервная система; нервно-психические функции; психические функции; патологии речи; дизартрия; заикание; афазия; алалия; косноязычие; мозжечок; болезни нервной системы; обмороки; цереброваскулярные болезни; гидроцефалия; вертеброгенные заболевания; наследственно-дегенеративные заболевания; дистрофия; миастения; неврозы; психопатии; энурез; вегетативная дистония; вегетативные кризы; нарушения сна; головные боли; черепно-мозговые травмы; мышечная дистрофия; детские заболевания; детские болезни; неврология; неврологические симптомы; неврологические болезни; неврологические нарушения; неврологические изменения
686 Индексы других классификаций __
a Классификационный индекс 57.336.12я73; ст57я73
700 Автор _1
a Фамилия Ласков
b Имя В. Б.
g Полное личное имя Виталий Борисович
4 Код отношения 070
801 Источник записи _0
a Страна RU
b Организация Муниципальное бюджетное учреждение культуры "Централизованная библиотечная система" г. Сургут (Центральная городская библиотека им. А. С. Пушкина)
c Дата составления 20090216
g Правила каталогизации КиК/Елгина
801 Источник записи _1
a Страна RU
b Организация Муниципальное бюджетное учреждение культуры "Централизованная библиотечная система" г. Сургут (Центральная городская библиотека им. А. С. Пушкина)
c Дата составления 20090216
g Правила каталогизации КиК/Елгина
852 Данные о местонахождении __
j Шифр хранения 57.336.12я73
c Каталожный индекс 57.33я73
i Авторский знак Л 26
901 Тип документа __
t Тип документа m
903 Характеристики (МАРС) __
a Дата передачи 20090812
969 Тип издания __
a Тип издания учебное пособие
990 Данные о заказе (DOS) __
j Количество экземпляров (DOS) 3
t N записи в КСУ для И/У (DOS) 200908